Financial Management Practices of Micro, Small, and Medium Enterprises in Barangay Sampaloc, Tanay, Rizal (Record no. 86206)

MARC details
000 -LEADER
fixed length control field 02565nam a2200277 4500
005 - DATE AND TIME OF LATEST TRANSACTION
control field 20251015084840.0
008 - FIXED-LENGTH DATA ELEMENTS--GENERAL INFORMATION
fixed length control field 240828b |||||||| |||| 00| 0 eng d
050 14 - LIBRARY OF CONGRESS CALL NUMBER
Classification number LG 221.R59
Item number Sa588 2024
100 1# - MAIN ENTRY--PERSONAL NAME
Personal name San Pablo, Roshien Ann A.
245 ## - TITLE STATEMENT
Title Financial Management Practices of Micro, Small, and Medium Enterprises in Barangay Sampaloc, Tanay, Rizal
Statement of responsibility, etc. "Roshien Ann A. San Pablo, Jepte O. Teoxon, Isaac P. Suya "
260 ## - PUBLICATION, DISTRIBUTION, ETC.
Date of publication, distribution, etc. 2024
300 ## - PHYSICAL DESCRIPTION
Extent xiv, 91 leaves
336 ## - CONTENT TYPE
Source rdacontent
Content type term text
337 ## - MEDIA TYPE
Source rdamedia
Media type term unmediated
338 ## - CARRIER TYPE
Source rdacontent
Carrier type term volume
502 ## - DISSERTATION NOTE
Dissertation note Thesis
Degree type "Bachelor of Science in Business Administration Major in Financial Management"
Name of granting institution URS
Year degree granted 2024
520 ## - SUMMARY, ETC.
Summary, etc. "The study aimed to determine the financial management practices of micro, small, and medium enterprises in Barangay Sampaloc, Tanay, Rizal. The researchers applied the descriptive method of research involving 30 respondents, and utilized the questionnaire checklist as a main instrument in gathering the data. The statistical treatment used in the study were percentage, weighted mean and One-Way ANOVA were utilized to analyze the data gathered. Majority of the respondents are female, collage graduates and are managers with experiences of 2 - 5 years in service as owner/manager. Most of them are over 31 - 40 years old. In terms of businesses, the majority of them are engaged in providing services as sole proprietorship operating from 10 years and above with initial capital of PhP50,000,001 and above. Majority of the respondent businesses has estimated present capital of PhP3,000,000. Personal savings are the majority of their sources of capital for their business. The study concludes that there is no significant difference in determining the financial management practices of the selected micro, small, and medium enterprises in Barangay Sampaloc, Tanay, Rizal when grouped according to profile of the business in terms of nature of the business, forms of business organization, sources of capital, and capital requirements. "
690 ## - LOCAL SUBJECT ADDED ENTRY--TOPICAL TERM (OCLC, RLIN)
Topical term or geographic name as entry element UN SDG 8
-- UN SDG 9
-- UN SDG 1
700 1# - ADDED ENTRY--PERSONAL NAME
Personal name Teoxon, Jepte O.
Relator term author
700 1# - ADDED ENTRY--PERSONAL NAME
Personal name Suya, Isaac P.
Relator term author
700 1# - ADDED ENTRY--PERSONAL NAME
Personal name Florendo Jr. Ruff Jon W.
Relator term degree supervisor
856 ## - ELECTRONIC LOCATION AND ACCESS
Materials specified Link to View Online
Uniform Resource Identifier <a href="https://drive.google.com/drive/folders/1dBoeXNaCJC2i6hdw-Dgbc7TLq1K9J6pz?usp=drive_link">https://drive.google.com/drive/folders/1dBoeXNaCJC2i6hdw-Dgbc7TLq1K9J6pz?usp=drive_link</a>
856 ## - ELECTRONIC LOCATION AND ACCESS
Materials specified Online Request for Student Unpublished Works
Uniform Resource Identifier <a href="https://forms.gle/iwQgJ2wFRviEt3BA8">https://forms.gle/iwQgJ2wFRviEt3BA8</a>
856 ## - ELECTRONIC LOCATION AND ACCESS
Uniform Resource Identifier <a href="https://drive.google.com/file/d/1cr9D1COeALWOm7ZYFE6asHACcwqiVVVD/view?usp=sharing">https://drive.google.com/file/d/1cr9D1COeALWOm7ZYFE6asHACcwqiVVVD/view?usp=sharing</a>
942 ## - ADDED ENTRY ELEMENTS (KOHA)
Source of classification or shelving scheme Library of Congress Classification
Koha item type Theses and dissertations
Holdings
Withdrawn status Source of classification or shelving scheme Damaged status Not for loan Home library Current library Date acquired Full call number Barcode Date last seen Price effective from Koha item type
  Library of Congress Classification     Tanay College Library Tanay College Library 08/28/2024 LG 221.R59 Sa588 2024 URSTAN-UGT04876 08/28/2024 08/28/2024 Theses and dissertations

University of Rizal System
Email us at univlibservices@urs.edu.ph

Visit our Website www.urs.edu.ph/library